Fazovyje prevraščenija i svojstva splavov pri vysokom davlenii /

Uložené v:
Podrobná bibliografia
Hlavný autor: Šiňajev, Anatolij Jakovlevič (Author)
Médium: Kniha
Jazyk:Russian
Vydané: Moskva : Nauka, 1973.
Vydanie:1. izd.
ISBN: (brož.)
Fyzický popis: 153 s.
Tagy: Pridať tag
Žiadne tagy, Buďte prvý kto otaguje tento záznam!

MARC

LEADER 00000nam a2200000 a 4500
001 000111684
005 20101231202247.0
008 040101s1973 ru e rusod
020 |a (brož.)  |c Kčs 8,00 
040 |a SVKKK  |b slo  |c SVKKK  |e AACR2 
041 0 |a rus 
044 |a ru  |c RU 
100 1 |a Šiňajev, Anatolij Jakovlevič  |4 aut 
245 1 0 |a Fazovyje prevraščenija i svojstva splavov pri vysokom davlenii /  |c Anatolij Jakovlevič Šiňajev. 
250 |a 1. izd. 
260 |a Moskva :  |b Nauka,  |c 1973. 
300 |a 153 s. 
910 |a svkkk 
998 |a BK 
090 |g SCKHL  |k Sklad  |a X0.11814  |j 048971  |i 111684-10  |4 Zastaraná  |s Vyradená